000 00571nam a2200193Ia 4500
999 _c7133
_d7133
003 OSt
005 20210121103458.0
008 190216s9999||||xx |||||||||||||| ||und||
020 _a9971514028
040 _coclc
082 _a658.404
_bWYS/E
100 _aWysocki, Robert K
_98314
245 0 _aEffective Project Management /
_cRobert K Wysocki ; Robert Beck ; D B Crane
250 _a2nd Ed.
260 _bWiley Computer Press,
_aSingapore:
_c2000.
300 _a359p
650 _aCommerce
942 _cBK
_2ddc
_h658.404
_iWYS/E
_k658.404
_mWYS/E